[Event "1st CRO junior liga"]
[Site "Sveti Filip i Jakov"]
[Date "2018.04.05"]
[Round "5.9"]
[White "Tica, Sven"]
[Black "Tomulic, Teo"]
[Result "1-0"]
[WhiteElo "2442"]
[BlackElo "2298"]
[PlyCount "73"]
[EventDate "2018.??.??"]
[WhiteClock "1:30:00"]
[BlackClock "1:30:00"]

1. d4 Nf6 2. c4 e6 3. g3 d5 4. Bg2 Be7 5. Nf3 O-O 6. O-O b6 7. Nc3 Bb7 8. Ne5
Na6 9. cxd5 Nxd5 10. Nxd5 Bxd5 11. Nc6 Qd7 12. Nxe7+ Qxe7 13. Qa4 Bxg2 14. Kxg2
Nb4 15. Bd2 Nd5 16. Rac1 Rfd8 17. Rfd1 Qd7 18. Qc4 Rac8 19. e4 Ne7 20. Be3 h6
21. Rd2 c6 22. a4 Nd5 23. exd5 cxd5 24. Qf1 Qxa4 25. Rd3 Qa2 26. Qe2 Rxc1 27.
Bxc1 Rc8 28. Bf4 a5 29. Be5 Qb1 30. Qg4 g6 31. Qf3 f5 32. Rc3 Re8 33. Rc7 Qxb2
34. Rg7+ Kf8 35. Rxg6 a4 36. Bd6+ Kf7 37. Qh5 1-0

[Event "1st CRO junior liga"]
[Site "Sveti Filip i Jakov"]
[Date "2018.04.05"]
[Round "5.10"]
[White "Safar, Sandro"]
[Black "Makovec, Bruno"]
[Result "1-0"]
[WhiteElo "2224"]
[BlackElo "2313"]
[PlyCount "95"]
[EventDate "2018.??.??"]
[WhiteClock "1:30:00"]
[BlackClock "1:30:00"]

1. e4 c6 2. d4 d5 3. Nc3 dxe4 4. Nxe4 Bf5 5. Ng3 Bg6 6. Nf3 Nd7 7. h4 h6 8. Bd3
Bxd3 9. Qxd3 Ngf6 10. Bd2 e6 11. Qe2 Be7 12. c3 Qa5 13. a3 O-O 14. Ne4 c5 15.
Nxf6+ Nxf6 16. dxc5 Qxc5 17. c4 Qc7 18. O-O Ng4 19. g3 e5 20. Bc3 Bd6 21. b4 b6
22. Rfd1 f5 23. Nh2 Nf6 24. Rac1 Ne4 25. Be1 Rad8 26. Nf1 Qc8 27. Ne3 f4 28.
Nd5 Nf6 29. Nxf6+ Rxf6 30. c5 bxc5 31. bxc5 Bc7 32. Rxd8+ Qxd8 33. Rd1 Qc8 34.
Qc4+ Kh8 35. Qe4 Qh3 36. Qg2 Qf5 37. g4 Qe6 38. Qa8+ Kh7 39. f3 Qc4 40. Bf2 Rf7
41. Qc6 g6 42. Rd7 Ba5 43. Qb7 Kg7 44. c6 e4 45. Rxf7+ Qxf7 46. Bd4+ Kg8 47.
Qb8+ Qf8 48. c7 1-0

[Event "1st CRO junior liga"]
[Site "Sveti Filip i Jakov"]
[Date "2018.04.05"]
[Round "5.11"]
[White "Markovic, Franjo-Josip"]
[Black "Batory, Lucija"]
[Result "1-0"]
[WhiteElo "2034"]
[BlackElo "1692"]
[PlyCount "87"]
[EventDate "2018.??.??"]
[WhiteClock "1:23:00"]
[BlackClock "1:30:00"]

1. d4 d5 2. c4 e6 3. g3 c6 4. b3 Nf6 5. Nf3 Nbd7 6. Bg2 Bd6 7. O-O O-O 8. Bb2
b6 9. Nbd2 Bb7 10. Qc2 Qc7 11. Rac1 Rac8 12. e4 Nxe4 13. Nxe4 dxe4 14. Ng5 Nf6
15. Nxe4 Nxe4 16. Qxe4 Rfe8 17. Rfd1 Qe7 18. c5 Bb8 19. f4 Red8 20. b4 Qd7 21.
Qe2 Bc7 22. Bc3 Ra8 23. Qg4 f5 24. Qe2 b5 25. a4 a6 26. a5 Qf7 27. Bf3 Rf8 28.
Qg2 Qd7 29. Re1 Bd8 30. Qe2 Re8 31. Bh5 Re7 32. Qg2 g6 33. Bd1 Re8 34. d5 exd5
35. Bb3 Kf7 36. Qb2 Be7 37. Kf2 Rad8 38. Bd4 Bf8 39. Re5 Kg8 40. Rce1 Rxe5 41.
Bxe5 Bg7 42. Bxg7 Qxg7 43. Qxg7+ Kxg7 44. Re7+ 1-0

[Event "1st CRO junior liga"]
[Site "Sveti Filip i Jakov"]
[Date "2018.04.05"]
[Round "5.12"]
[White "Troselj, Ivan"]
[Black "Toplak, Juraj"]
[Result "1-0"]
[WhiteElo "1722"]
[BlackElo "2029"]
[PlyCount "120"]
[EventDate "2018.??.??"]
[WhiteClock "1:30:00"]
[BlackClock "1:30:00"]

1. e4 Nf6 2. e5 Nd5 3. c4 Nb6 4. d4 d6 5. exd6 cxd6 6. Nf3 g6 7. Be2 Bg7 8. O-O
O-O 9. b3 Nc6 10. Bb2 e5 11. dxe5 dxe5 12. Qxd8 Rxd8 13. Ng5 Bf5 14. c5 Nd5 15.
Nc3 Nxc3 16. Bxc3 h6 17. Nh3 g5 18. g4 Be6 19. f3 Ne7 20. Rac1 Nd5 21. Bd2 Rac8
22. Nf2 Nf4 23. Bxf4 exf4 24. Ne4 Bd5 25. Nd6 Rxc5 26. Rxc5 Bd4+ 27. Kg2 Bxc5
28. Nf5 Be6 29. Rd1 Rxd1 30. Bxd1 h5 31. h3 hxg4 32. hxg4 Kf8 33. Kf1 Bd5 34.
Ke2 Ke8 35. Bc2 Kd7 36. Ng7 Kd6 37. a4 Ke5 38. Nf5 Bc6 39. Bd1 b5 40. Kd3 Bd7
41. Nh6 f6 42. Nf7+ Kd5 43. Kc3 a5 44. Bc2 b4+ 45. Kd3 Bc8 46. Bd1 Ba6+ 47. Kc2
Bb6 48. Kd2 Be3+ 49. Kc2 Kd4 50. Nd8 Bd3+ 51. Kb2 Bd2 52. Nc6+ Ke3 53. Nxa5
Bc3+ 54. Kc1 Be2 55. Nc4+ Kxf3 56. a5 Bxd1 57. Kxd1 Kg2 58. Ke2 f3+ 59. Kd3 f2
60. Ne3+ Kf3 1-0

[Event "1st CRO junior liga"]
[Site "Sveti Filip i Jakov"]
[Date "2018.04.05"]
[Round "5.13"]
[White "Jankovic, Antonio"]
[Black "Dasic, Jelena"]
[Result "0-1"]
[WhiteElo "1792"]
[BlackElo "1823"]
[PlyCount "112"]
[EventDate "2018.??.??"]
[WhiteClock "1:30:00"]
[BlackClock "1:30:00"]

1. d4 Nf6 2. c4 e6 3. Nf3 b6 4. a3 d6 5. Nc3 Bb7 6. Bf4 Nbd7 7. e3 Be7 8. Qc2
Rc8 9. Bd3 O-O 10. Bg5 h6 11. h4 c5 12. O-O-O cxd4 13. exd4 Ba6 14. Nd2 d5 15.
cxd5 Bxd3 16. Qxd3 Nxd5 17. Bxe7 Qxe7 18. Ndb1 N7f6 19. Kd2 Rfd8 20. Nxd5 Nxd5
21. g3 e5 22. Rde1 Qf6 23. Rxe5 Qxf2+ 24. Re2 Qf6 25. Nc3 Nc7 26. Re4 Ne6 27.
Rf1 Qg6 28. b4 f5 29. Rxe6 Qxe6 30. d5 Qf6 31. Rf3 a5 32. Qxf5 Qxf5 33. Rxf5
Rc4 34. b5 Rc5 35. a4 Rdc8 36. Rf3 Rc4 37. Kc2 Rxa4 38. Kd3 Ra3 39. Kd4 Raxc3
40. Rxc3 Rxc3 41. Kxc3 Kf7 42. Kd4 Ke7 43. h5 Kd6 44. g4 a4 45. Kc4 a3 46. Kb3
Kxd5 47. Kxa3 Kc5 48. Ka4 Kc4 49. Ka3 Kxb5 50. Kb3 Kc5 51. Kc3 b5 52. Kb3 Kd5
53. Kb4 Ke4 54. Kxb5 Kf4 55. Kc4 Kxg4 56. Kd3 Kxh5 0-1

[Event "1st CRO junior liga"]
[Site "Sveti Filip i Jakov"]
[Date "2018.04.05"]
[Round "5.14"]
[White "Petrovic, David"]
[Black "Birkic, Josip"]
[Result "1-0"]
[WhiteElo "1651"]
[BlackElo "1781"]
[PlyCount "55"]
[EventDate "2018.??.??"]
[WhiteClock "1:18:00"]
[BlackClock "1:30:00"]

1. e4 c6 2. c4 d5 3. cxd5 cxd5 4. exd5 Qxd5 5. Nc3 Qa5 6. d4 e6 7. a3 Nf6 8. b4
Bxb4 9. axb4 Qxa1 10. Nb5 Nd5 11. Nd6+ Ke7 12. Bg5+ Kxd6 13. Qxa1 Nc6 14. Nf3
Ncxb4 15. Qc1 b6 16. Ne5 Rf8 17. Bf4 Nxf4 18. Qxf4 Ke7 19. Qg5+ Kd6 20. Qxg7
Bd7 21. Nxf7+ Rxf7 22. Qxf7 Nc2+ 23. Kd2 Nxd4 24. Qf4+ e5 25. Qf6+ Kd5 26. Qf7+
Kd6 27. Bc4 Be6 28. Bxe6 1-0

[Event "1st CRO junior liga"]
[Site "Sveti Filip i Jakov"]
[Date "2018.04.05"]
[Round "5.15"]
[White "Ljubicic, Mario"]
[Black "Jurotic, Nino"]
[Result "1-0"]
[WhiteElo "1738"]
[BlackElo "1617"]
[PlyCount "49"]
[EventDate "2018.??.??"]
[WhiteClock "1:30:00"]
[BlackClock "1:30:00"]

1. e4 c5 2. Nf3 Nc6 3. d4 cxd4 4. Nxd4 e5 5. Nf3 Nf6 6. Nc3 Bb4 7. Bd3 Bxc3+ 8.
bxc3 Qa5 9. Bd2 O-O 10. O-O d6 11. Re1 Re8 12. Bc4 Nxe4 13. Bxf7+ Kxf7 14. Rxe4
Bf5 15. Ng5+ Kg8 16. Rh4 Rf8 17. c4 Qb6 18. Be3 Qb2 19. Rb1 Qxa2 20. Rxb7 Rab8
21. Rxb8 Rxb8 22. Qd5+ Kh8 23. Nf7+ Kg8 24. Nh6+ Kh8 25. Qg8+ 1-0

[Event "1st CRO junior liga"]
[Site "Sveti Filip i Jakov"]
[Date "2018.04.05"]
[Round "5.16"]
[White "Vujic, Agata"]
[Black "Vucenovic, Damian"]
[Result "0-1"]
[WhiteElo "1586"]
[BlackElo "1666"]
[PlyCount "74"]
[EventDate "2018.??.??"]
[WhiteClock "1:27:00"]
[BlackClock "1:30:00"]

1. e4 e5 2. Nf3 Nc6 3. Bc4 Bc5 4. d3 Nf6 5. Bg5 d6 6. Nc3 h6 7. Bh4 Be6 8. Bb3
a6 9. a3 g5 10. Bg3 Qd7 11. Nd2 O-O-O 12. Nd5 Bxd5 13. exd5 Nd4 14. Ba2 h5 15.
f3 Nf5 16. Ne4 Nxe4 17. dxe4 Ne3 18. Qd2 h4 19. b4 Ba7 20. Bf2 Nxg2+ 21. Kd1
Bxf2 22. Qxf2 Nf4 23. Bc4 Kb8 24. a4 g4 25. b5 g3 26. Qd2 g2 27. Rg1 Qh3 28.
bxa6 Qxh2 29. Qe3 Nh3 30. Ke2 Nxg1+ 31. Rxg1 b6 32. a7+ Kxa7 33. a5 Ra8 34. Bb5
Qxg1 35. Qxg1 h3 36. Bc6 h2 37. Qb1 g1=Q 0-1

[Event "1st CRO junior liga"]
[Site "Sveti Filip i Jakov"]
[Date "2018.04.05"]
[Round "5.17"]
[White "Ghersinich, Enrico"]
[Black "Plenca, Jadranko"]
[Result "1/2-1/2"]
[WhiteElo "2216"]
[BlackElo "2497"]
[PlyCount "151"]
[EventDate "2018.??.??"]
[WhiteClock "1:30:00"]
[BlackClock "1:30:00"]

1. e4 e5 2. Nf3 Nc6 3. Nc3 Nf6 4. d4 exd4 5. Nxd4 Bb4 6. Nxc6 bxc6 7. Bd3 d5 8.
exd5 O-O 9. O-O cxd5 10. h3 h6 11. Qf3 Be6 12. Bf4 c5 13. Rad1 Ba5 14. Na4 Qe7
15. c3 Bc7 16. Rfe1 Rac8 17. Bxc7 Rxc7 18. Bb1 Rd8 19. b3 c4 20. b4 d4 21. Bf5
d3 22. Nc5 Bd5 23. Qf4 Qd6 24. Qd4 Re7 25. Rxe7 Qxe7 26. Bxd3 cxd3 27. Qxd3 Re8
28. c4 Ba8 29. Qd4 Qc7 30. b5 Qa5 31. Kh2 Rc8 32. Na6 Qxa2 33. c5 Qe2 34. Rd3
Qe4 35. c6 Qxd4 36. Rxd4 Kf8 37. Kg3 g5 38. Rd3 Bxc6 39. bxc6 Rxc6 40. Ra3 Ne4+
41. Kf3 f5 42. g4 Nd2+ 43. Ke2 Nc4 44. Ra4 Re6+ 45. Kf1 Nd2+ 46. Kg2 f4 47. Nc5
Re1 48. Rxa7 f3+ 49. Kh2 Nf1+ 50. Kg1 Ke8 51. Ra6 Rc1 52. Nd3 Rd1 53. Re6+ Kf7
54. Re1 Rxd3 55. Rxf1 h5 56. gxh5 Kg7 57. Kh2 Kh6 58. Kg3 Kxh5 59. Re1 Rd5 60.
Kxf3 Ra5 61. Kg3 Rb5 62. Re4 Ra5 63. h4 Ra3+ 64. f3 gxh4+ 65. Rxh4+ Kg5 66. Rb4
Ra5 67. Kf2 Ra3 68. Kg3 Ra5 69. Rb8 Kf5 70. Rh8 Kg5 71. f4+ Kg6 72. Kg4 Ra1 73.
f5+ Kf6 74. Rh6+ Kf7 75. Rh7+ Kf6 76. Rh6+ 1/2-1/2

[Event "1st CRO junior liga"]
[Site "Sveti Filip i Jakov"]
[Date "2018.04.05"]
[Round "5.18"]
[White "Muha, Miljenko"]
[Black "Fiskus, Eva"]
[Result "1-0"]
[WhiteElo "2395"]
[BlackElo "1294"]
[PlyCount "73"]
[EventDate "2018.??.??"]
[WhiteClock "1:30:00"]
[BlackClock "1:30:00"]

1. d4 d5 2. Bf4 Nc6 3. e3 b6 4. Nf3 Nf6 5. Bb5 Bd7 6. c3 e6 7. Nbd2 Be7 8. O-O
O-O 9. h3 a6 10. Bd3 h6 11. Qe2 Bc8 12. Ne5 Nxe5 13. dxe5 Nd7 14. Rad1 f6 15.
Nf3 f5 16. c4 c6 17. Nd4 Nb8 18. cxd5 cxd5 19. Kh1 Bc5 20. Rc1 Bxd4 21. exd4
Bd7 22. Be3 b5 23. f3 Nc6 24. Kh2 Nb4 25. Bb1 Rc8 26. Rxc8 Qxc8 27. Qd2 Nc6 28.
Rg1 Qd8 29. g4 fxg4 30. Rxg4 Qe7 31. Bxh6 Rf7 32. Qd3 Kf8 33. Qh7 Ke8 34. Bg6
gxh6 35. Qh8+ Qf8 36. Bxf7+ Ke7 37. Qf6# 1-0

[Event "1st CRO junior liga"]
[Site "Sveti Filip i Jakov"]
[Date "2018.04.05"]
[Round "5.19"]
[White "Ghersinich, Carlo"]
[Black "Cvitan, Ena"]
[Result "1-0"]
[WhiteElo "1143"]
[BlackElo "2159"]
[PlyCount "58"]
[EventDate "2018.??.??"]
[WhiteClock "1:30:00"]
[BlackClock "1:30:00"]

1. d4 Nf6 2. Nf3 d5 3. Bf4 c5 4. c3 Qb6 5. Nbd2 cxd4 6. Nxd4 Nc6 7. e3 Bg4 8.
N2f3 Nxd4 9. Nxd4 Bxd1 10. Rxd1 a6 11. Bd3 e6 12. b4 Bd6 13. Bg5 Rc8 14. Rc1
Bxb4 15. O-O Bd6 16. Rb1 Qc7 17. Rbc1 O-O 18. g3 Qa5 19. Rc2 Rxc3 20. Rd1 Rxc2
21. Bxc2 Rc8 22. Rc1 Ne4 23. f3 Nxg5 24. Bxh7+ Kxh7 25. Rxc8 Qe1+ 26. Kg2 Qxe3
27. Nc2 Qe2+ 28. Kg1 Nxf3+ 29. Kh1 Qf1# 1-0

[Event "1st CRO junior liga"]
[Site "Sveti Filip i Jakov"]
[Date "2018.04.05"]
[Round "5.21"]
[White "Pavcevic, Bruno"]
[Black "Jambresic, Filip"]
[Result "1/2-1/2"]
[WhiteElo "2028"]
[BlackElo "2030"]
[PlyCount "26"]
[EventDate "2018.??.??"]
[WhiteClock "1:20:00"]
[BlackClock "1:30:00"]

1. e4 c5 2. Nf3 a6 3. c3 e6 4. d4 d5 5. exd5 Qxd5 6. Be3 cxd4 7. cxd4 Nf6 8.
Nc3 Qa5 9. Be2 Bd6 10. O-O O-O 11. a3 b5 12. b4 Qd8 13. Rc1 Bb7 1/2-1/2

[Event "1st CRO junior liga"]
[Site "Sveti Filip i Jakov"]
[Date "2018.04.05"]
[Round "5.22"]
[White "Golub, Nikolina"]
[Black "Erenda, Bruno"]
[Result "1/2-1/2"]
[WhiteElo "1870"]
[BlackElo "1967"]
[PlyCount "32"]
[EventDate "2018.??.??"]
[WhiteClock "1:30:00"]
[BlackClock "1:30:00"]

1. d4 d5 2. c4 e6 3. Nf3 Nf6 4. g3 Be7 5. Bg2 O-O 6. Qc2 Nbd7 7. O-O Re8 8.
Nbd2 c6 9. e4 Nf8 10. b3 Ng6 11. Bb2 Qc7 12. Ne5 Nxe5 13. dxe5 Nxe4 14. Nxe4
dxe4 15. Bxe4 g6 16. c5 Bd7 1/2-1/2

[Event "1st CRO junior liga"]
[Site "Sveti Filip i Jakov"]
[Date "2018.04.05"]
[Round "5.23"]
[White "Cavlovic, Viktor"]
[Black "Rickovic, Tomislav"]
[Result "1/2-1/2"]
[WhiteElo "1742"]
[BlackElo "1622"]
[PlyCount "37"]
[EventDate "2018.??.??"]
[WhiteClock "1:30:00"]
[BlackClock "1:30:00"]

1. e4 e5 2. Nf3 d6 3. d4 exd4 4. Nxd4 Be6 5. Nc3 Nf6 6. Be3 Be7 7. Qd2 a6 8. f3
O-O 9. Be2 Nc6 10. O-O Nxd4 11. Bxd4 Nd7 12. Rad1 Bf6 13. Be3 Qe7 14. b3 Bxc3
15. Qxc3 Ne5 16. h3 f6 17. Kh1 Nc6 18. Rfe1 Rfe8 19. Bf2 1/2-1/2

[Event "1st CRO junior liga"]
[Site "Sveti Filip i Jakov"]
[Date "2018.04.05"]
[Round "5.24"]
[White "Mesar, Vedran"]
[Black "Frouth, Vibor"]
[Result "1/2-1/2"]
[WhiteElo "1638"]
[BlackElo "1332"]
[PlyCount "111"]
[EventDate "2018.??.??"]
[WhiteClock "1:30:00"]
[BlackClock "1:30:00"]

1. e4 e5 2. Nf3 Nc6 3. Bc4 Bc5 4. c3 Qe7 5. O-O Nf6 6. d3 h6 7. Nbd2 d6 8. h3
Be6 9. Re1 a6 10. Bxe6 fxe6 11. Nf1 O-O 12. Be3 Bxe3 13. Nxe3 Nd7 14. d4 Rf7
15. Qb3 exd4 16. Qxb7 Rb8 17. Qxc6 dxe3 18. Rxe3 Rxb2 19. Qxc7 Qf8 20. Qc4 Qe7
21. Qxa6 Ne5 22. Qf1 Nxf3+ 23. gxf3 Rf6 24. Qg2 Qf7 25. Kh2 Qc7 26. Qg3 Kh7 27.
f4 Rg6 28. Qf3 d5 29. exd5 Rf6 30. Qe4+ g6 31. Qe5 Qxe5 32. fxe5 Rfxf2+ 33. Kg3
Rg2+ 34. Kf3 exd5 35. Rf1 h5 36. e6 g5 37. e7 h4 38. Re2 Rbxe2 39. e8=Q Rxe8
40. Kxg2 Ra8 41. Rf2 Ra3 42. Rc2 Kg6 43. Kf2 d4 44. cxd4 Rxh3 45. Rc6+ Kf5 46.
a4 Ke4 47. Rc5 Rg3 48. d5 Ke5 49. a5 Kd6 50. Rb5 Ra3 51. Rb6+ Kc5 52. Rg6 Rxa5
53. Rxg5 Kd6 54. Rg6+ Kd7 55. Rh6 Rxd5 56. Rxh4 1/2-1/2

[Event "1st CRO junior liga"]
[Site "Sveti Filip i Jakov"]
[Date "2018.04.05"]
[Round "6.1"]
[White "Zadravec, Matija"]
[Black "Jambresic, Filip"]
[Result "1-0"]
[WhiteElo "2206"]
[BlackElo "2030"]
[PlyCount "97"]
[EventDate "2018.??.??"]
[WhiteClock "1:30:00"]
[BlackClock "1:30:00"]

1. e4 c5 2. c3 e6 3. Nf3 Nc6 4. d4 d5 5. exd5 exd5 6. Bb5 a6 7. Be2 Qb6 8. dxc5
Bxc5 9. O-O Nf6 10. Nbd2 O-O 11. Nb3 Be7 12. Qd3 Be6 13. Be3 Qc7 14. Nbd4 Ne4
15. Rad1 b5 16. Nxc6 Qxc6 17. Nd4 Qc7 18. Rfe1 Bd6 19. h3 Bh2+ 20. Kh1 Bf4 21.
Bf3 Ng5 22. Nxe6 fxe6 23. Bg4 Rae8 24. f3 Rf6 25. Qd2 Bxe3 26. Qxe3 Nf7 27.
Rxd5 Nd6 28. Rd3 Nc4 29. Qe2 Kf7 30. b3 Nb6 31. Qe3 Re7 32. Qd2 Nd5 33. Bxe6+
Rfxe6 34. Rxe6 Rxe6 35. Rxd5 Qg3 36. Rd7+ Kg6 37. Qc2+ Kf6 38. Rd1 Re1+ 39.
Rxe1 Qxe1+ 40. Kh2 h5 41. g4 h4 42. Qf5+ Ke7 43. Qe4+ Qxe4 44. fxe4 Kd6 45. Kg2
b4 46. cxb4 Ke5 47. Kf3 Kd4 48. Kf4 Kc3 49. e5 1-0

[Event "1st CRO junior liga"]
[Site "Sveti Filip i Jakov"]
[Date "2018.04.05"]
[Round "6.2"]
[White "Golub, Nikolina"]
[Black "Dabic, Stjepan"]
[Result "1/2-1/2"]
[WhiteElo "1870"]
[BlackElo "2012"]
[PlyCount "39"]
[EventDate "2018.??.??"]
[WhiteClock "1:30:00"]
[BlackClock "1:30:00"]

1. e4 c5 2. Nf3 d6 3. d4 cxd4 4. Nxd4 Nf6 5. Nc3 g6 6. Be3 Bg7 7. Be2 O-O 8.
O-O Nc6 9. a3 a6 10. h3 Bd7 11. Nxc6 Bxc6 12. Bf3 Qc7 13. Qe2 Rac8 14. Bd4 Rfd8
15. Qe3 Rd7 16. Bb6 Qb8 17. Rfd1 Bf8 18. Ba7 Qc7 19. Bb6 Qb8 20. Ba7 1/2-1/2

[Event "1st CRO junior liga"]
[Site "Sveti Filip i Jakov"]
[Date "2018.04.05"]
[Round "6.3"]
[White "Kanizaj, Benjamin"]
[Black "Rickovic, Tomislav"]
[Result "1/2-1/2"]
[WhiteElo "1940"]
[BlackElo "1622"]
[PlyCount "64"]
[EventDate "2018.??.??"]
[WhiteClock "1:30:00"]
[BlackClock "1:30:00"]

1. e4 c6 2. d4 d5 3. e5 c5 4. c3 e6 5. Nf3 Nc6 6. Be3 cxd4 7. cxd4 Bd7 8. Nc3
Bb4 9. Rc1 Nge7 10. Bd3 Ng6 11. O-O a6 12. a3 Bxc3 13. Rxc3 Rc8 14. Ng5 O-O 15.
f4 Nce7 16. Qh5 h6 17. Nxe6 Bxe6 18. f5 Nxf5 19. Bxf5 Rxc3 20. bxc3 Bxf5 21.
Qxf5 Qe7 22. Bd2 Qe6 23. Qb1 b5 24. Qd3 Rc8 25. Rb1 Rc4 26. Rb4 Qg4 27. Qf3
Qxf3 28. gxf3 Rxb4 29. cxb4 Nh4 30. Kf2 Nf5 31. Be3 Kf8 32. f4 Ke7 1/2-1/2

[Event "1st CRO junior liga"]
[Site "Sveti Filip i Jakov"]
[Date "2018.04.05"]
[Round "6.4"]
[White "Mesar, Vedran"]
[Black "Colev, Ivor"]
[Result "1-0"]
[WhiteElo "1638"]
[BlackElo "1618"]
[PlyCount "69"]
[EventDate "2018.??.??"]
[WhiteClock "1:30:00"]
[BlackClock "1:30:00"]

1. e4 c5 2. Nf3 d6 3. d4 cxd4 4. Nxd4 Nf6 5. Nc3 e6 6. Bc4 Nc6 7. Be3 Be7 8.
Bb3 O-O 9. f3 Bd7 10. Qd2 Nxd4 11. Bxd4 Bc6 12. O-O-O b5 13. Bxf6 gxf6 14. Ne2
a5 15. c3 Rc8 16. Kb1 Qb6 17. g4 a4 18. Bc2 b4 19. cxb4 Bb5 20. Ng3 Kh8 21. e5
dxe5 22. Be4 Bc6 23. Qh6 Bxe4+ 24. Nxe4 Qxb4 25. Nxf6 Bxf6 26. Qxf6+ Kg8 27.
Qg5+ Kh8 28. Qxe5+ Kg8 29. h4 Rb8 30. Qg5+ Kh8 31. Qf6+ Kg8 32. h5 h6 33. g5
Kh7 34. g6+ fxg6 35. Rd7+ 1-0

[Event "1st CRO junior liga"]
[Site "Sveti Filip i Jakov"]
[Date "2018.04.05"]
[Round "6.5"]
[White "Plenca, Jadranko"]
[Black "Pavcevic, Bruno"]
[Result "1-0"]
[WhiteElo "2497"]
[BlackElo "2028"]
[PlyCount "55"]
[EventDate "2018.??.??"]
[WhiteClock "1:26:00"]
[BlackClock "1:30:00"]

1. e4 c5 2. Nf3 e6 3. c3 Nf6 4. e5 Nd5 5. d4 cxd4 6. cxd4 Nc6 7. a3 Be7 8. Bd3
O-O 9. O-O d6 10. Qc2 h6 11. Qe2 f5 12. exf6 Nxf6 13. Nc3 Qb6 14. Rd1 d5 15.
Bc2 Bd6 16. Qd3 Bd7 17. Bxh6 gxh6 18. Qg6+ Kh8 19. Qxh6+ Kg8 20. Qg6+ Kh8 21.
Ng5 Nxd4 22. Rd3 e5 23. Nxd5 Bf5 24. Rh3+ Bxh3 25. Qh6+ Kg8 26. Nxf6+ Rxf6 27.
Bh7+ Kh8 28. Qxf6# 1-0

[Event "1st CRO junior liga"]
[Site "Sveti Filip i Jakov"]
[Date "2018.04.05"]
[Round "6.6"]
[White "Erenda, Bruno"]
[Black "Muha, Miljenko"]
[Result "1/2-1/2"]
[WhiteElo "1967"]
[BlackElo "2395"]
[PlyCount "296"]
[EventDate "2018.??.??"]
[WhiteClock "1:30:00"]
[BlackClock "1:30:00"]

1. e4 e6 2. b3 d5 3. Bb2 Nf6 4. e5 Nfd7 5. Qg4 c5 6. f4 Nc6 7. Nf3 Qc7 8. Be2
a6 9. O-O g6 10. c4 d4 11. d3 b6 12. Nbd2 Bb7 13. Ng5 Ne7 14. Bf3 Nf5 15. Bxb7
Qxb7 16. Qf3 Qxf3 17. Rxf3 Be7 18. Nge4 g5 19. g3 h5 20. Re1 g4 21. Rf2 O-O-O
22. Nf1 Rh7 23. Rb1 Rdh8 24. Bc1 Nf8 25. Rg2 Ng6 26. Kf2 h4 27. a3 hxg3+ 28.
hxg3 Rh1 29. Ke2 R8h3 30. Rb2 Ne3 31. Bxe3 dxe3 32. Nxe3 Ra1 33. Nf2 Rh8 34.
Nc2 Rc1 35. Nxg4 Rg8 36. Nge3 f6 37. Ne1 fxe5 38. Kd2 exf4 39. Kxc1 fxe3 40.
Rbe2 Bf6 41. Nc2 Bd4 42. Nxe3 Kd7 43. Kc2 Ne5 44. Nf1 Nc6 45. g4 Ke7 46. Re4
Bf6 47. Rh2 Nd4+ 48. Kd1 Nxb3 49. Rh6 Nd4 50. Ne3 Kf7 51. Rf4 Rg6 52. g5 Rxh6
53. gxh6 Kg6 54. h7 Bh8 55. Rh4 b5 56. cxb5 axb5 57. Nf1 Nf5 58. Rh3 Nd6 59.
Ng3 b4 60. axb4 cxb4 61. Kc2 Nf7 62. Ne4 Nh6 63. Nd6 Bg7 64. Kb3 Kxh7 65. Nf7
Kg6 66. Nxh6 Bxh6 67. Kxb4 Bg5 68. Kc5 Kf5 69. d4 Be7+ 70. Kc4 Bg5 71. Rh1 Kf6
72. Re1 Bh4 73. Rf1+ Ke7 74. Kd3 Bg3 75. Ke4 Bh2 76. Rh1 Bd6 77. Rh7+ Kf6 78.
Rb7 Bh2 79. Kd3 Bg3 80. Kc4 Bf2 81. Rd7 Bg1 82. Kb5 Kf5 83. Kc4 Kf6 84. Rb7 Bf2
85. Rb8 Ke7 86. Ra8 Bg1 87. Kd3 Bh2 88. Ke4 Kf6 89. Ra2 Bg3 90. Ra6 Ke7 91. Kf3
Bh2 92. Ke4 Bg3 93. Ra8 Bh2 94. Rh8 Bg3 95. Rg8 Bh2 96. Rg6 Kf7 97. Rh6 Bg3 98.
Rh5 Ke7 99. Rh6 Kf7 100. Kf3 Bb8 101. Kg4 Ke7 102. Kg5 Kd6 103. Kf6 Ba7 104.
Kf7 Bxd4 105. Rxe6+ Kc7 106. Kg6 Kb7 107. Kf5 Bg1 108. Ke4 Bh2 109. Kd5 Bg3
110. Rf6 Bh2 111. Rf2 Bb8 112. Rg2 Ka8 113. Kc6 Ba7 114. Ra2 Kb8 115. Rg2 Ka8
116. Kc7 Bb8+ 117. Kc8 Ba7 118. Rg7 Bb8 119. Rb7 Ba7 120. Kc7 Bf2 121. Rb8+ Ka7
122. Rb2 Bg3+ 123. Kc6 Ka8 124. Ra2+ Kb8 125. Rg2 Bf4 126. Rf2 Bg3 127. Rg2 Bf4
128. Rb2+ Ka8 129. Ra2+ Kb8 130. Ra4 Bg3 131. Rg4 Be5 132. Kb6 Bc7+ 133. Kc6
Be5 134. Re4 Bg3 135. Rb4+ Ka8 136. Rb7 Bf4 137. Rf7 Bh2 138. Rf5 Bg1 139. Rf3
Bh2 140. Rh3 Be5 141. Rh4 Bg3 142. Rg4 Bf2 143. Kc7 Be3 144. Re4 Bf2 145. Rg4
Be3 146. Rg8+ Ka7 147. Rg6 Bf4+ 148. Kc6 Ka8 1/2-1/2

[Event "1st CRO junior liga"]
[Site "Sveti Filip i Jakov"]
[Date "2018.04.05"]
[Round "6.7"]
[White "Cvitan, Ena"]
[Black "Cavlovic, Viktor"]
[Result "0-1"]
[WhiteElo "2159"]
[BlackElo "1742"]
[PlyCount "90"]
[EventDate "2018.??.??"]
[WhiteClock "1:28:00"]
[BlackClock "1:30:00"]

1. d4 Nf6 2. c4 c5 3. d5 d6 4. Nc3 g6 5. e4 Bg7 6. Bd3 O-O 7. h3 e6 8. Nf3 exd5
9. cxd5 Re8 10. O-O Bd7 11. Re1 Qc7 12. Bf4 Nh5 13. Bh2 c4 14. Be2 b5 15. Nd4
a6 16. Bxh5 gxh5 17. Nc2 a5 18. a3 Na6 19. e5 dxe5 20. Qxh5 Nc5 21. Rad1 Nd3
22. Re3 Ra6 23. Ne4 Rh6 24. Qe2 Nxb2 25. Rb1 Nd3 26. Nd4 Rb8 27. Rg3 f5 28. Nc3
f4 29. Rxg7+ Kxg7 30. Ndxb5 Bxb5 31. Nxb5 Qb7 32. Qe4 Qb6 33. Qxc4 Nxf2 34. Kf1
Nh1 35. Ke2 Rg6 36. g4 fxg3 37. Bg1 Nf2 38. a4 Qd8 39. Rc1 Nxh3 40. Ba7 Nf4+
41. Kd2 Ra8 42. d6 Rxa7 43. Nxa7 Rxd6+ 44. Kc2 Rd2+ 45. Kb1 Qd3+ 0-1

[Event "1st CRO junior liga"]
[Site "Sveti Filip i Jakov"]
[Date "2018.04.05"]
[Round "6.8"]
[White "Frouth, Vibor"]
[Black "Duda, Daniel"]
[Result "0-1"]
[WhiteElo "1332"]
[BlackElo "1972"]
[PlyCount "58"]
[EventDate "2018.??.??"]
[WhiteClock "1:30:00"]
[BlackClock "1:30:00"]

1. e4 c5 2. Nf3 g6 3. Nc3 Bg7 4. d4 cxd4 5. Nxd4 Nc6 6. Be3 d6 7. Bb5 Bd7 8.
O-O Nf6 9. Qd3 Ng4 10. Nxc6 bxc6 11. Bc4 Nxe3 12. Qxe3 O-O 13. Rfd1 Qc7 14. Rd3
e6 15. Bb3 d5 16. exd5 exd5 17. Qg3 Be5 18. Qf3 Bxh2+ 19. Kf1 Rae8 20. Re1
Rxe1+ 21. Kxe1 Re8+ 22. Kd2 Bf4+ 23. Kd1 h5 24. Nxd5 cxd5 25. Qxd5 Be6 26. Qb5
Qe7 27. Bxe6 Qxe6 28. Re3 Bxe3 29. fxe3 Qxe3 0-1

[Event "1st CRO junior liga"]
[Site "Sveti Filip i Jakov"]
[Date "2018.04.05"]
[Round "6.10"]
[White "Purini, Bruno"]
[Black "Petrovic, David"]
[Result "1/2-1/2"]
[WhiteElo "1409"]
[BlackElo "1651"]
[PlyCount "42"]
[EventDate "2018.??.??"]
[WhiteClock "1:30:00"]
[BlackClock "1:30:00"]

1. e4 e5 2. Nf3 Nc6 3. Bb5 a6 4. Bxc6 dxc6 5. O-O Bg4 6. h3 Bh5 7. g4 Bg6 8.
Nxe5 Qe7 9. Nxg6 hxg6 10. Qf3 O-O-O 11. d3 Qc5 12. Nc3 Nf6 13. Kg2 Bd6 14. Bf4
Rdf8 15. Bxd6 Qxd6 16. Qe3 Nxg4 17. Qg3 Qxg3+ 18. Kxg3 Nh6 19. f4 f5 20. e5 g5
21. fxg5 f4+ 1/2-1/2

[Event "1st CRO junior liga"]
[Site "Sveti Filip i Jakov"]
[Date "2018.04.05"]
[Round "6.11"]
[White "Jurotic, Nino"]
[Black "Fiskus, Eva"]
[Result "1/2-1/2"]
[WhiteElo "1617"]
[BlackElo "1294"]
[PlyCount "61"]
[EventDate "2018.??.??"]
[WhiteClock "1:30:00"]
[BlackClock "1:30:00"]

1. d4 d5 2. c4 e6 3. Nc3 Nf6 4. cxd5 exd5 5. Bg5 Be7 6. e3 O-O 7. Bd3 Be6 8.
Nge2 c6 9. Bxf6 Bxf6 10. O-O Nd7 11. Qc2 g6 12. f4 Bg4 13. Rae1 Bg7 14. Ng3 Qe7
15. Qf2 Nf6 16. h3 Bd7 17. Nh1 Ne4 18. Bxe4 dxe4 19. Qc2 f5 20. Nf2 b5 21. g4
Qh4 22. gxf5 Qg3+ 23. Kh1 Bxf5 24. Ncxe4 Qf3+ 25. Kh2 Rae8 26. Qb3+ Be6 27. Ng5
Qxf2+ 28. Rxf2 Bxb3 29. axb3 Bxd4 30. Rfe2 Bf6 31. Nf3 1/2-1/2